000 00429nam a2200181Ia 4500
003 IT-RoPAU
005 20220918175403.0
008 120407s9999 xx 000 0 und d
040 _aIT-RoPAU
040 _cIT-RoPAU
100 _aGuglielmo Faber
_934267
245 _aIl creatore e la creatura ossia portenti dell'amor divino
250 _aTorino
260 _aMarietti
300 _c cm
490 _v1
942 _cBK
_2ddc
999 _c8047
_d8047